Galactik Football-Tous les adversaires de Rocket dans la Sphère - Statistiques

Statistiques générales
  • Ce quiz a été pris 85 fois
  • Le résultat moyen est 4 sur 7
Statistiques - réponses
Adversaires de Rocket dans la Sphère % Correct
Tia
91%
Warren
88%
Sinedd
86%
Luur
85%
Stevens
29%
Woowamboo
26%
Rocket
9%
Aucun quiz correspondant
Distribution des résultats
% des personnes avec chaque résultat
Percentile par nombre de réponses
Votre historique - résultats
Vous n’avez pas pris ce quiz